Provinces of Turkey by First Letter - Statistics

General Stats
  • This quiz has been taken 190 times
  • The average score is 74 of 81
Answers on the Map
Answers color-coded by a green-red scale on the quiz's map according to % correct below.
 
Answer Stats
Province % Correct
Şanlıurfa
100%
Adana
99%
Adıyaman
99%
Afyonkarahisar
99%
Ağrı
99%
Aksaray
99%
Amasya
99%
Ankara
99%
Antalya
99%
Ardahan
99%
Artvin
99%
Aydın
99%
Gaziantep
99%
Edirne
97%
Elazığ
97%
Erzincan
97%
Erzurum
97%
Eskişehir
97%
Karabük
96%
Karaman
96%
Kars
96%
Kastamonu
96%
Balıkesir
95%
Bartın
95%
Batman
95%
Bayburt
95%
Bilecik
95%
Bingöl
95%
Bitlis
95%
Bolu
95%
Burdur
95%
Bursa
95%
Çanakkale
95%
Çankırı
95%
Çorum
95%
Iğdır
95%
Isparta
95%
Istanbul
95%
İzmir
95%
Kahramanmaraş
95%
Denizli
93%
Diyarbakır
93%
Düzce
93%
Kayseri
93%
Kilis
93%
Kırıkkale
93%
Kırklareli
93%
Kırşehir
93%
Kocaeli
93%
Konya
93%
Kütahya
93%
Sakarya
89%
Samsun
89%
Siirt
89%
Sinop
89%
Şırnak
89%
Sivas
89%
Hakkâri
88%
Hatay
88%
Giresun
87%
Gümüşhane
87%
Malatya
86%
Manisa
86%
Mardin
86%
Mersin
86%
Muğla
86%
Muş
86%
Tokat
86%
Tekirdağ
85%
Trabzon
85%
Tunceli
85%
Ordu
84%
Osmaniye
84%
Nevşehir
82%
Niğde
82%
Rize
82%
Uşak
81%
Van
80%
Yalova
78%
Yozgat
78%
Zonguldak
75%
No matching quizzes found
Score Distribution
Percent of People with Each Score
Percentile by Number Answered
Your Score History
You have not taken this quiz